CONCEPTOS TRADICIONALES DE LA MEDICINA EN UN PUEBLO MEXICANO : UN ANALISIS ANTROPOLOGICO /

INCLUYE BIBLIOGRAFIA

Gorde:
Xehetasun bibliografikoak
Egile nagusia: Ryesky, Diana (autor)
Formatua: Liburua
Saila:SEPSETENTAS ; 309
Gaiak:
Etiketak: Etiketa erantsi
Etiketarik gabe, Izan zaitez lehena erregistro honi etiketa jartzen!

MARC

LEADER 00000nam^a2200000^a^4500
001 000241158
005 20250521000000.0
009 20260310105204.365
035 |a 064199 
037 |a Acervo Xavier Clavigero 
082 |a 398. 353  |b RYE 
100 |a Ryesky, Diana  |e (autor) 
245 1 0 |a CONCEPTOS TRADICIONALES DE LA MEDICINA EN UN PUEBLO MEXICANO :  |b UN ANALISIS ANTROPOLOGICO /  |c DIANA RYESKY ; TR. YOLANDA SASSOON 
264 |a MEXICO :  |b SEP,  |c 1976 
300 |a 149 p. 
336 |a texto  |b txt  |2 rdacontenido 
337 |a sin mediación  |b n  |2 rdamedio 
338 |a volumen  |b nc  |2 rdasoporte 
440 |a SEPSETENTAS ;  |v 309 
520 |a INCLUYE BIBLIOGRAFIA 
649 |a XX 
650 |a MEDICINA FOLKLORICA. 
910 |a Fondo General 
920 |a Impresos - Libros 
930 |a Colección General 
905 |a 101 
901 |a 064199  |b IT1  |c ACC  |i 064199  |u 20250521 
902 |a https://opac.biblio.iteso.mx/vufind/Record/000241158